000
00347nam a2200133Ia 4500
008
231129s9999||||xx |||||||||||||| ||spa||
020
_a
84-7530-360-9
040
_b
spa
082
_a
E862 B456m
100
_a
Benavente Jacinto
245
0
_a
La malquerida ; Senora ama
264
_a
Orbis
942
_2
ddc
_c
BKS
999
_c
17552
_d
17552